| 000 | 00859nam a22003257a 4500 | ||
|---|---|---|---|
| 001 | BR0502061 | ||
| 003 | BR-BrBNA | ||
| 005 | 20230928101901.0 | ||
| 007 | ta | ||
| 008 | 230509b bl.||||| |||| 00| 0 por d | ||
| 040 |
_aBR-BrBNA _bpor _cBiblioteca Nacional de Agricultura |
||
| 041 | _a(Por) | ||
| 072 |
_aD50; E70 _b5213 _b9790 _b9702 |
||
| 090 | _ 5213 BR0502061 | ||
| 100 | 1 | _aRies, L.R. | |
| 100 | 1 | _aAmbrosini, L.B. | |
| 245 | 1 | _aRastreabilidade e certificação | |
| 260 | 3 |
_aPorto Alegre, RS (Brasil): _c2003. |
|
| 300 | _a127 p. | ||
| 500 | _a40 ref.; 6 tables; 14 illus. | ||
| 650 | _aGADO DE CORTE | ||
| 650 | _aBÚFALO | ||
| 650 | _aCARNE | ||
| 650 | _aRASTREAMENTO | ||
| 650 | _aCONTROLE DE QUALIDADE | ||
| 650 | _aREGULAMENTO | ||
| 650 | _aCLASSIFICAÇÃO DE PRODUTO | ||
| 909 |
_a202309 _bLucia _c55 _dLucia Elande |
||
| 942 | _cBK | ||
| 999 |
_c68051 _d68051 |
||